000 00872nam a2200217Ia 4500
999 _c39143
_d39143
003 OSt
005 20201015153928.0
008 160316s1990 xxu||||| |||| 00| 0 eng d
020 _a 9780745600826
040 _cnls
082 _a306.000000
_bTHO
100 _aThompson John B
245 _aIdeology and modern culture : Critical social theory in the era of mass communication
260 _aLondon
_bPolity Press
_c1990
300 _a362p
_cvii
365 _b Rs. 2,445
505 _aTable of contents Preface. Introduction. 1. The Concept of Ideology. 2. Ideology in Modern Societies. 3. The Concept of Culture. 4. Cultural Transmission and Mass Communication. 5. Towards a Social Theory of Mass Communication. 6. The Methodology of Interpretation. Notes. Index.
650 _a1. Ideology - Culture 2. Sociology - Mass Media
700 _a
_a
942 _2ddc
_cBK